000 00813nam a2200253Ia 4500
003 OSt
005 20220918170851.0
006 a|||||r|||| 00| 0
007 ta
008 220917b |||||||| |||| 00| 0 eng d
020 _a9780748644056 (hbk)
_c6584.89
024 _a284,677
037 _bBBS/136, 13/03/2015, Better Book Services
_cTextual
040 _aARTS
_cARTS
_beng
041 _2eng
_aeng
082 _aW6, Q5
100 _aKoczanowicz Leszek
_931825
245 0 _aPolitics of dialogue
_b Non - consesual democracy and critical community
260 _aEdinburgh
_bEdinburgh University Press UK
_c2015
300 _a174p.
_ccm.
650 _aPOLITICAL SCIENCE
942 _hW6, Q5
_cTEXL
_2CC
999 _c136336
_d136336